000 00718nam a22002417a 4500
003 UA-OsUOA
001 90113
007 ta
008 20121114b un ||||| |||| 00| 0 ukr d
100 _aЧайковський А.
090 _a821.161.2
_bЧ-15
942 _cBK
040 _aUA-OsUOA
_bukr
_cUA-OsUOA
_dUA-OsUOA
245 _aТвори у восьми томах
_bісторична повість у двох книжках
_nІІ
300 _a484 с.
955 _a3
041 _aukr
080 _a821.161.2
020 _a57707-0699-6-5
260 _aЛьвів
_bЧервона калина
_c1992
650 7 _a82 Література. Літературознавство
_2UDC
999 _c376300
_d376300